| 000 | 00401nam a2200157Ia 4500 | ||
|---|---|---|---|
| 005 | 20260417150918.0 | ||
| 008 | 260417s9999||||xx |||||||||||||| ||und|| | ||
| 020 | _a9781447307211 | ||
| 041 | _aeng | ||
| 100 | _aPrincipi/Jensen/Lamura | ||
| 245 | 0 | _aActive ageing | |
| 260 |
_bCambridge, Cambridge, _c2022 |
||
| 650 | _aMedia & Communication | ||
| 856 | _u10.46692/9781447307211 | ||
| 942 | _cE-BOOK | ||
| 999 |
_c50669 _d50669 |
||